ბათუმის შოთა რუსთაველის სახელმწიფო უნივერსიტეტის ბიბლიოთეკა

Справочник химика.Дополнительный том: номенклатура органических соединений, техника безопасности, сводный предметный указатель. (ბიბ.ჩანაწერი № 38232)

000 -LEADER
fixed length control field 00701nam a2200193Ia 4500
001 - CONTROL NUMBER
control field 4222
003 - CONTROL NUMBER IDENTIFIER
control field GE_BSU
008 - FIXED-LENGTH DATA ELEMENTS--GENERAL INFORMATION
fixed length control field 181216s||||||||xx |||||||||||||| ||und||
040 ## - CATALOGING SOURCE
Transcribing agency GE_BSU
080 ## - UNIVERSAL DECIMAL CLASSIFICATION NUMBER
Universal Decimal Classification number 541(03)
245 ## - TITLE STATEMENT
Title Справочник химика.Дополнительный том: номенклатура органических соединений, техника безопасности, сводный предметный указатель.
245 ## - TITLE STATEMENT
Statement of responsibility, etc. Ред. колл.: гл. ред. Б.П.Никольский.
260 ## - PUBLICATION, DISTRIBUTION, ETC.
Place of publication, distribution, etc. Л.
260 ## - PUBLICATION, DISTRIBUTION, ETC.
Name of publisher, distributor, etc. Химия.
260 ## - PUBLICATION, DISTRIBUTION, ETC.
Date of publication, distribution, etc. 1968.
300 ## - PHYSICAL DESCRIPTION
Extent 506 стр. 22 см.
653 ## - INDEX TERM--UNCONTROLLED
Uncontrolled term Справочник химика.
942 ## - ADDED ENTRY ELEMENTS (KOHA)
Koha item type წიგნი
ეგზემპლარები
Withdrawn status Lost status Damaged status Not for loan Date acquired Barcode Date last seen Price effective from Koha item type Public note
        2018-12-17 9574 2018-12-17 2018-12-17 წიგნი საცავი